Identity theft / (Record no. 13290)

MARC details
000 -LEADER
fixed length control field 03865nam a22005417a 4500
001 - CONTROL NUMBER
control field B-266040-059
003 - CONTROL NUMBER IDENTIFIER
control field dpl
005 - DATE AND TIME OF LATEST TRANSACTION
control field 20080605113921.0
008 - FIXED-LENGTH DATA ELEMENTS--GENERAL INFORMATION
fixed length control field 080530t xxu||||| |||| 00| 0 eng d
010 ## - LIBRARY OF CONGRESS CONTROL NUMBER
LC control number B-266040-059
020 ## - INTERNATIONAL STANDARD BOOK NUMBER
International Standard Book Number 8128616433
Terms of availability 145.00
035 ## - SYSTEM CONTROL NUMBER
System control number B-266040-059
037 ## - SOURCE OF ACQUISITION
Source of stock number/acquisition Blue Berry (Vander )
040 ## - CATALOGING SOURCE
Original cataloging agency DPL
Language of cataloging EN
082 ## - DEWEY DECIMAL CLASSIFICATION NUMBER
Classification number N
100 ## - MAIN ENTRY--PERSONAL NAME
Personal name Lobdell, Scott
245 ## - TITLE STATEMENT
Title Identity theft /
Statement of responsibility, etc by Scott Lobdell;edited by Jim Salicrup; based on the series by Franklin W. Dixon
260 ## - PUBLICATION, DISTRIBUTION, ETC. (IMPRINT)
Place of publication, distribution, etc Mumbai
Name of publisher, distributor, etc Euro Books
Date of publication, distribution, etc 2007
270 ## - ADDRESS
City Mumbai
Address Dani Corporate Park, 158, Vidyanagari Marg, Kalina, Santacruz (E)
Postal code 400098
300 ## - PHYSICAL DESCRIPTION
Extent unpaged
Other physical details col. ill.
Dimensions 20 cm (Hb)
490 ## - SERIES STATEMENT
Series statement The Hardy Boys
700 ## - ADDED ENTRY--PERSONAL NAME
Personal name Salicrup, Jim
700 ## - ADDED ENTRY--PERSONAL NAME
Personal name Dixon, Franklin W.
942 ## - ADDED ENTRY ELEMENTS (KOHA)
Source of classification or shelving scheme Dewey Decimal Classification
Koha item type Children Books
Classification part N
Call number suffix LOB
Holdings
Withdrawn status Lost status Damaged status Not for loan Collection code Home library Current library Date acquired Cost, normal purchase price Total Checkouts Full call number Barcode Date last seen Copy number Cost, replacement price Price effective from Koha item type Source of classification or shelving scheme Source of acquisition Date checked out
        Fiction Andrews Gunj Andrews Gunj 05/06/2008 145.00   S / LOB B-266049 15/09/2008 1 145.00 15/09/2008 Children Books      
        Fiction Central Library Central Library 22/07/2008 145.00   S / LOB B-266045 15/09/2008 1 145.00 15/09/2008 Children Books      
        Fiction Jagrati Enclave Jagrati Enclave 22/07/2008 145.00   S / LOB B-266057 15/09/2008 1 145.00 15/09/2008 Children Books      
        Fiction Jor Bagh (Children Lib) Jor Bagh (Children Lib) 22/07/2008 145.00   S / LOB B-266051 15/09/2008 1 145.00 15/09/2008 Children Books      
        Fiction Karol Bagh Karol Bagh 22/07/2008 145.00   S / LOB B-266053 15/09/2008 1 145.00 15/09/2008 Children Books      
        Fiction Mobile Library Mobile Library 22/07/2008 145.00   S / LOB B-266040 15/09/2008 4 145.00 15/09/2008 Children Books      
        Fiction Mobile Library Mobile Library 22/07/2008 145.00   S / LOB B-266041 15/09/2008 4 145.00 15/09/2008 Children Books      
        Fiction Mobile Library Mobile Library 22/07/2008 145.00   S / LOB B-266042 15/09/2008 4 145.00 15/09/2008 Children Books      
        Fiction Mobile Library Mobile Library 22/07/2008 145.00   S / LOB B-266043 15/09/2008 4 145.00 15/09/2008 Children Books      
        Fiction Netaji Nagar Netaji Nagar 22/07/2008 145.00   S / LOB B-266052 15/09/2008 1 145.00 15/09/2008 Children Books      
        Fiction New Police Line New Police Line 22/07/2008 145.00   S / LOB B-266044 15/09/2008 1 145.00 15/09/2008 Children Books      
        Fiction Patel Nagar Patel Nagar 22/07/2008 145.00   S / LOB B-266046 15/09/2008 1 145.00 15/09/2008 Children Books      
        Fiction R.C.Libraries (zls) R.C.Libraries (zls) 22/07/2008 145.00   S / LOB B-266058 15/09/2008 2 145.00 15/09/2008 Children Books      
        Fiction R.C.Libraries (zls) R.C.Libraries (zls) 22/07/2008 145.00   S / LOB B-266059 15/09/2008 2 145.00 15/09/2008 Children Books      
        Fiction R.K.Puram-8 R.K.Puram-8 22/07/2008 145.00   S / LOB B-266048 15/09/2008 1 145.00 15/09/2008 Children Books      
        Fiction Sarojini Nagar Sarojini Nagar 22/07/2008 145.00   S / LOB B-266047 15/09/2008 1 145.00 15/09/2008 Children Books      
        Fiction Shahdara Branch Shahdara Branch 22/07/2008 145.00   S / LOB B-266054 15/09/2008 1 145.00 15/09/2008 Children Books      
        Fiction Sriniwas Puri Sriniwas Puri 22/07/2008 145.00   S / LOB B-266050 15/09/2008   145.00 15/09/2008 Children Books Dewey Decimal Classification    
        Fiction Vigyan Vihar Vigyan Vihar 22/07/2008 145.00   S / LOB B-266056 15/09/2008 1 145.00 15/09/2008 Children Books      
        Fiction Vinoba Puri Vinoba Puri 03/09/2008 145.00 4 N LOB B-284694 10/10/2009 1 145.00 15/09/2008 Children Books   Blueberry/4571/19.8.08/192/21.7.08/19.8.08 26/09/2009
        Fiction Yojana Vihar Yojana Vihar 22/07/2008 145.00   S / LOB B-266055 15/09/2008 1 145.00 15/09/2008 Children Books      

© Delhi Public Library
Hit Counter
free hit counter